Statistics for Countries with the Most Supercentenarians

Click here to take the quiz!

General Stats

  • This quiz has been taken 148 times
  • The average score is 16 of 22

Answer Stats

#Country% Correct
53Japan
98%
92United States
98%
26France
95%
12United Kingdom
95%
1China
94%
17Italy
93%
8Germany
90%
9Canada
89%
10Spain
89%
4Australia
80%
3Brazil
79%
1Norway
76%
3Netherlands
73%
2Portugal
73%
1Belgium
69%
1Denmark
69%
2Poland
66%
2Argentina
65%
1Ecuador
21%
1Jamaica
20%
1Panama
20%
1Costa Rica
16%

Score Distribution

Percentile by Number Answered

Percent of People with Each Score

Your Score History

You have not taken this quiz